Pozvání do psychologie osobnosti člověk v zrcadle vědomí a jednání

Saved in:
Bibliographic Details
Main Author: Smékal, Vladimír
Format: Book
Language:Czech
Published: Brno Barrister & Principal 2002
Edition:1. vyd.
Subjects:
Tags: Add Tag
No Tags, Be the first to tag this record!

MARC

LEADER 00000nam a2200000 4500
001 0168402
005 20221129101139.3
020 |a 80-85947-80-3 
041 0 |a cze 
044 |a CZ 
245 1 0 |a Pozvání do psychologie osobnosti  |b člověk v zrcadle vědomí a jednání  |c Vladimír Smékal 
250 |a 1. vyd. 
264 1 |a Brno  |b Barrister & Principal  |c 2002 
300 |a 517 s. 
610 2 0 |a psychológia 
610 2 0 |a osobnosť 
100 1 |a Smékal, Vladimír